[Event "Copenhagen Unibank"]
[Site "Copenhagen"]
[Date "1991.??.??"]
[Round "9"]
[White "Bus, Mariusz"]
[Black "Warwaszynski, Zbigniew"]
[Result "1-0"]
[WhiteElo "2415"]
[BlackElo "2290"]
[PlyCount "101"]
[EventDate "1991.07.??"]
[EventType "swiss"]
[EventRounds "9"]
[EventCountry "DEN"]
[SourceTitle "TD"]
[Source "ChessBase"]
[SourceDate "1994.03.01"]
[SourceVersion "1"]
[SourceVersionDate "1994.03.01"]
[SourceQuality "1"]

1. e4 e5 2. Nf3 Nc6 3. d4 exd4 4. Nxd4 Bc5 5. Nb3 Bb6 6. Nc3 Nf6 7. Bg5 0-0 8. Bd3 Re8 9. 0-0 h6 10. Bh4 d6 11. Kh1 Ne5 12. Nd5 g5 13. Nxb6 axb6 14. Bg3 Ng6 15. Nd2 d5 16. exd5 Nxd5 17. Ne4 Ndf4 18. Re1 Nxd3 19. Nf6+ Qxf6 20. Rxe8+ Kg7 21. cxd3 Bg4 22. Qe1 Rxe8 23. Qxe8 Qxb2 24. Qe1 c5 25. Qc1 Qd4 26. Rb1 Qxd3 27. Rb3 Qd5 28. Rxb6 Qxa2 29. Rxb7 Be6 30. h3 Qd5 31. Qb2+ Kh7 32. Kh2 h5 33. f3 c4 34. Rb8 h4 35. Be1 Qd1 36. Qd2 Qa1 37. Qc3 Qa7 38. Rb5 Qe7 39. Qe3 f6 40. Qe4 Qd6+ 41. Kh1 Kg7 42. Bb4 Qa6 43. Rb7+ Bf7 44. Bc3 Kg8 45. Rb8+ Kg7 46. Qd4 Qe6 47. Rb6 Qe5 48. Qd2 Qd5 49. Bxf6+ Kh6 50. Qxd5 Bxd5 51. Rb5 1-0

[Event "Copenhagen Unibank"]
[Site "Copenhagen"]
[Date "1991.??.??"]
[Round "4"]
[White "Warwaszynski, Zbigniew"]
[Black "Kubien, Jerzy"]
[Result "0-1"]
[WhiteElo "2290"]
[BlackElo "2260"]
[PlyCount "66"]
[EventDate "1991.07.??"]
[EventType "swiss"]
[EventRounds "9"]
[EventCountry "DEN"]
[SourceTitle "TD"]
[Source "ChessBase"]
[SourceDate "1994.03.01"]
[SourceVersion "1"]
[SourceVersionDate "1994.03.01"]
[SourceQuality "1"]

1. e4 c5 2. Nf3 Nc6 3. Bb5 g6 4. 0-0 Bg7 5. c3 a6 6. Bxc6 dxc6 7. h3 e5 8. d3 Qd6 9. a4 b5 10. Qe2 Nf6 11. d4 Nd7 12. dxe5 Nxe5 13. Rd1 Qe7 14. Nxe5 Qxe5 15. Qf3 0-0 16. Bf4 Qe6 17. Bd6 Re8 18. Bxc5 Qb3 19. Rd2 bxa4 20. Bd4 Be6 21. Bxg7 Kxg7 22. Ra3 Qb5 23. Qd1 Bb3 24. Qe2 Rad8 25. Qe3 Rb8 26. Rd6 Bc2 27. Qd4+ Kg8 28. c4 Qb4 29. Nd2 c5 30. Qf6 Qxb2 31. Qxb2 Rxb2 32. Rxa6 Rd8 33. Nf1 Rb1 0-1

[Event "Espoo op"]
[Site "Espoo"]
[Date "1989.??.??"]
[Round "8"]
[White "Kekki, Petri"]
[Black "Warwaszynski, Zbigniew"]
[Result "1/2-1/2"]
[WhiteElo "2305"]
[BlackElo "2325"]
[PlyCount "81"]
[EventDate "1989.??.??"]
[EventType "swiss"]
[EventRounds "9"]
[EventCountry "FIN"]
[SourceTitle "EXT 1997"]
[Source "ChessBase"]
[SourceDate "1996.11.15"]
[SourceVersion "1"]
[SourceVersionDate "1996.11.15"]
[SourceQuality "1"]

1. d4 Nf6 2. c4 e6 3. Nc3 Bb4 4. e3 d5 5. Bd3 0-0 6. Nge2 Re8 7. 0-0 Nbd7 8. cxd5 exd5 9. Ng3 c5 10. a3 Ba5 11. Nb5 c4 12. Bf5 Nb6 13. e4 a6 14. Bxc8 Rxc8 15. e5 axb5 16. Bg5 Nbd7 17. exf6 h6 18. Bxh6 Qxf6 19. Be3 Bc7 20. Qg4 Qe6 21. Qg5 Bxg3 22. Qxg3 Nf6 23. Rfe1 Ne4 24. Qh4 Qf6 25. Qh5 Qd6 26. f3 Nf6 27. Qg5 b4 28. Bf4 Qb6 29. Be5 bxa3 30. Rxa3 Qxb2 31. Rae3 Re6 32. f4 Ne8 33. f5 f6 34. Qg6 Re7 35. Rh3 fxe5 36. Qh7+ Kf8 37. Qh8+ Kf7 38. Qh5+ Kf8 39. Qh8+ Kf7 40. Qh5+ Kf8 41. Qh8+ 1/2-1/2

[Event "Espoo op"]
[Site "Espoo"]
[Date "1989.??.??"]
[Round "3"]
[White "Pyhala, Antti"]
[Black "Warwaszynski, Zbigniew"]
[Result "0-1"]
[WhiteElo "2385"]
[BlackElo "2325"]
[PlyCount "109"]
[EventDate "1989.??.??"]
[EventType "swiss"]
[EventRounds "9"]
[EventCountry "FIN"]
[SourceTitle "EXT 1997"]
[Source "ChessBase"]
[SourceDate "1996.11.15"]
[SourceVersion "1"]
[SourceVersionDate "1996.11.15"]
[SourceQuality "1"]

1. e4 e5 2. Nf3 Nc6 3. Bc4 Nf6 4. d3 Bc5 5. c3 0-0 6. b4 Bb6 7. a4 a6 8. 0-0 d6 9. Re1 Be6 10. Nbd2 h6 11. a5 Ba7 12. Qb3 Qd7 13. Bb2 Rfe8 14. Nf1 Bxc4 15. dxc4 Nd8 16. Rad1 Qe7 17. Ng3 g6 18. Bc1 Kg7 19. h3 Ng8 20. Rd5 Nf6 21. Rd3 Kh7 22. Qd1 Ne6 23. c5 dxc5 24. Nxe5 cxb4 25. cxb4 Rad8 26. Rxd8 Rxd8 27. Qf3 Qxb4 28. Rf1 Qe7 29. h4 Bd4 30. Nd3 h5 31. e5 Ng4 32. Nxh5 Nxe5 33. Nxe5 Bxe5 34. Qe3 Bd4 35. Qh6+ Kg8 36. Ng3 Bg7 37. Qe3 Qxh4 38. Ne4 Bd4 39. Qf3 Be5 40. g3 Qh3 41. Be3 Qf5 42. Qxf5 gxf5 43. Nc5 Rd5 44. Rc1 Nxc5 45. Bxc5 f4 46. gxf4 Bxf4 47. Rc2 Rd1+ 48. Kg2 Rc1 49. Rxc1 Bxc1 50. Bb4 f5 51. Kf3 Kf7 52. Ke2 Ke6 53. Kd3 Kd5 54. Be7 Bf4 55. Bb4 0-1

[Event "Espoo op"]
[Site "Espoo"]
[Date "1989.??.??"]
[Round "9"]
[White "Warwaszynski, Zbigniew"]
[Black "Pirttimaki, Timo"]
[Result "0-1"]
[WhiteElo "2325"]
[BlackElo "2250"]
[PlyCount "100"]
[EventDate "1989.??.??"]
[EventType "swiss"]
[EventRounds "9"]
[EventCountry "FIN"]
[SourceTitle "EXT 1997"]
[Source "ChessBase"]
[SourceDate "1996.11.15"]
[SourceVersion "1"]
[SourceVersionDate "1996.11.15"]
[SourceQuality "1"]

1. e4 c5 2. Nf3 d6 3. d4 cxd4 4. Nxd4 Nf6 5. Nc3 Nc6 6. Be2 g6 7. 0-0 Bg7 8. Nb3 0-0 9. Be3 Be6 10. f4 Rc8 11. Kh1 Na5 12. Nd4 Bd7 13. e5 Ne8 14. Nf3 Nc6 15. Qd2 Bg4 16. exd6 Nxd6 17. Rad1 Qa5 18. Nd4 Bxe2 19. Qxe2 Nf5 20. Nxf5 Qxf5 21. Qd3 Rfd8 22. Qxf5 gxf5 23. Rxd8+ Rxd8 24. Rd1 Bxc3 25. Rxd8+ Nxd8 26. bxc3 a6 27. Kg1 f6 28. Kf2 Kf7 29. Bd4 Ke6 30. c4 Nc6 31. Bc5 Na5 32. Ke3 Nxc4+ 33. Kd4 Nd6 34. Bb4 b6 35. c4 a5 36. Ba3 Kd7 37. Bc1 Kc6 38. a4 Nf7 39. Ba3 e5+ 40. Ke3 Nd6 41. Kd3 Ne4 42. Ke3 Nc5 43. g3 Nxa4 44. Be7 Nb2 45. Bxf6 Nxc4+ 46. Kd3 Kd5 47. fxe5 Nxe5+ 48. Kc3 b5 49. Bd8 Nc6 50. Bc7 a4 0-1

[Event "Rostock 12th"]
[Site "Rostock"]
[Date "1986.??.??"]
[Round "8"]
[White "Jaster, Robert"]
[Black "Warwaszynski, Zbigniew"]
[Result "1-0"]
[WhiteElo "2165"]
[BlackElo "2270"]
[PlyCount "121"]
[EventDate "1986.08.17"]
[EventType "tourn"]
[EventRounds "9"]
[EventCountry "DDR"]
[SourceTitle "EXT 2001"]
[Source "ChessBase"]
[SourceDate "2000.11.22"]
[SourceVersion "1"]
[SourceVersionDate "2000.11.22"]
[SourceQuality "1"]

1. d4 Nf6 2. Nf3 b5 3. e4 Nxe4 4. Bxb5 e6 5. 0-0 Be7 6. Re1 Bb7 7. Bd3 Nf6 8. Bg5 0-0 9. Nbd2 d6 10. c3 Nbd7 11. Qc2 h6 12. Bh4 c5 13. Bxf6 Bxf6 14. Be4 d5 15. Bh7+ Kh8 16. Bd3 Qb6 17. Ne5 Bxe5 18. dxe5 c4 19. Bf1 f5 20. Nf3 Nc5 21. Nd4 Bc6 22. b4 cxb3 23. axb3 Bb7 24. b4 Ne4 25. f3 Ng5 26. Kh1 Rfc8 27. Qd3 Rc7 28. Nb3 Bc6 29. Qd4 Qxd4 30. Nxd4 Bd7 31. Rec1 Rb8 32. Nb3 Kg8 33. Nc5 Bc8 34. Ba6 Kf7 35. h4 Nh7 36. Ra5 Nf8 37. Rca1 Bd7 38. Bd3 Ra8 39. f4 Ke7 40. Kg1 Bc8 41. Ba6 Bxa6 42. Rxa6 Kf7 43. Kf2 g5 44. hxg5 hxg5 45. g3 gxf4 46. gxf4 Nd7 47. Nxe6 Rxc3 48. Ng5+ Ke8 49. Rh1 Rc4 50. Rh8+ Nf8 51. Ne6 Ke7 52. Nxf8 Rxf4+ 53. Ke3 Re4+ 54. Kd3 Kf7 55. Rf6+ Kg7 56. Rh7+ Kg8 57. Rg6+ Kxf8 58. Rh8+ Kf7 59. Rf6+ Ke7 60. Rxa8 Rxe5 61. Rh6 1-0

[Event "Rostock 12th"]
[Site "Rostock"]
[Date "1986.??.??"]
[Round "5"]
[White "Warwaszynski, Zbigniew"]
[Black "Steudtmann, Christian"]
[Result "1-0"]
[WhiteElo "2270"]
[BlackElo "2265"]
[PlyCount "71"]
[EventDate "1986.08.17"]
[EventType "tourn"]
[EventRounds "9"]
[EventCountry "DDR"]
[SourceTitle "EXT 2001"]
[Source "ChessBase"]
[SourceDate "2000.11.22"]
[SourceVersion "1"]
[SourceVersionDate "2000.11.22"]
[SourceQuality "1"]

1. e4 e6 2. d4 d5 3. Nd2 c5 4. Ngf3 a6 5. exd5 exd5 6. Be2 c4 7. 0-0 Bd6 8. b3 b5 9. a4 c3 10. axb5 cxd2 11. Bxd2 Nf6 12. c4 Nbd7 13. c5 Nxc5 14. dxc5 Bxc5 15. b4 Bb6 16. bxa6 0-0 17. Bc3 Ne4 18. Bd4 Bc7 19. b5 Re8 20. Qc2 Bf5 21. Qb2 Re6 22. Rfc1 Rb6 23. Rxc7 Qxc7 24. Bxb6 Qxb6 25. Qd4 Nc5 26. Rc1 Rc8 27. Qxd5 Be6 28. Qd4 h6 29. Ne5 Kh7 30. h3 g6 31. Rc3 Qc7 32. Nd3 Nb3 33. Rxc7 Nxd4 34. Rxc8 Nxe2+ 35. Kf1 Bxc8 36. Kxe2 1-0